00388pab a2200121 454500008004000000100001900040245009100059260000900150300001100159650003600170700002100206773003900227180718b1984 xxu||||| |||| 00| 0 eng d aAgu, Vincent U aA proposed method for the analysis of public health policy in less developed countries c1984 a97-116 aHealth Service - Underdeveloped aGeorge M. Walker aSocio - Economic Planning Sciences